Generalitat de Catalunya : Disposicions i resolucions dels Departaments de Govern : Gener 1979 - maig 1980 / Generalitat de Catalunya Disposicions i resolucions dels Departaments de Govern :
Descripción Física:
[5] f., 979 p. : a dues columnes ; 21'5 cm
Colección:
Col·lecció Departament de la Presidència ; 8
Materias:
Catalunya -- Política i govern
MARC
| LEADER | 00000nam a2200000Ia 4500 | ||
|---|---|---|---|
| 001 | 557 | ||
| 008 | 160829s1981 xx 000 0 cat d | ||
| 080 | |a M-2-165 | ||
| 110 | 1 | |a Catalunya. |b Generalitat |9 12125 | |
| 245 | |a Generalitat de Catalunya : |b Disposicions i resolucions dels Departaments de Govern : |b Gener 1979 - maig 1980 / Generalitat de Catalunya | ||
| 260 | |a Barcelona : |b Servei Central de Publicacions de la Generalitat de Catalunya, |c 1981 | ||
| 300 | |a [5] f., 979 p. : |b a dues columnes ; |c 21'5 cm | ||
| 490 | |a Col·lecció Departament de la Presidència ; 8 | ||
| 651 | 0 | |a Catalunya |x Política i govern |9 53682 | |
| 901 | |a Arxiu | ||
| 942 | |n 1 | ||
| 952 | |0 0 |1 0 |4 0 |6 M2165 |7 1 |9 42604 |a Arxiu |b Arxiu |d 2016-12-01 |l 0 |o M-2-165 |p 557 |r 2016-12-01 00:00:00 |w 2016-12-01 |y ARXIU | ||
| 999 | |c 45109 |d 45109 | ||